Dorcsánytól a Kürtös jobb partjáig

Bibliographic Details
Main Author: Csáky, Károly, 1950- (Author)
Format: Article
Language:Hungarian
PhysicalDescription:Fotogr.
ISSN:1335-6631
Subjects:

MARC

LEADER 00000nab a2200000 ar4500
001 vtls009003597
003 SK-MaSNL
005 20260319071258.0
008 070524c2007 xo |||||||| 000 b|hun
015 |a SNBRB2007/04  |2 snkbucl 
038 |a SNKBUCL 
040 |a DSZK  |b slo  |c DSZK  |e AACR2 
041 0 |a hun 
044 |a xo  |c SK 
080 |a 904:72  |x (437.6)  |2 1997 
080 |a 72  |x (437.6)  |2 1997 
100 1 |a Csáky, Károly,  |d 1950-  |4 aut  |9 99675 
245 1 0 |a Dorcsánytól a Kürtös jobb partjáig  |c Csáky Károly 
300 |b Fotogr. 
650 0 7 |a kultúrne pamiatky  |2 snkbucl  |9 2862 
650 0 7 |a architektonické pamiatky  |2 snkbucl  |9 28990 
651 7 |a Želovce (Slovensko)  |2 snkbucl  |9 26074 
773 0 |t Szabad újság  |g Évf. XV, sz. 19 (2007), o. 18  |x 1335-6631 
852 |a SNK  |b KIS3GCP 
852 |a DSZK  |b KIS3GCP 
958 |a HU 
958 |a SK 
999 |c 1751780  |d 1753710